Statistiques concernant Géographie en neuf lettres

Cliquez ici pour prendre le quiz!

Statistiques générales

  • Ce quiz a été pris 191 fois
    (154 depuis la dernière actualisation)
  • Le résultat moyen est 9 sur 16

Statistiques - réponses

IndiceRéponse% Correct
Pays sud-américain où se situe le Rio de la Plata et qui a été sujet d'une forte immigration italienneArgentine
92%
Région française où a eu lieu un fameux débarquementNormandie
91%
On considère parfois cette île comme un continentAustralie
90%
Pays comprenant des îles comme Java,Sumatra,Bornéo et SulawesiIndonésie
86%
Ville religieuse importante pour les trois grandes religions abrahamiquesJérusalem
78%
Exclave britannique qui se situe à moins de quelques kilomètres du MarocGibraltar
74%
Pays d'Amérique du Sud qui est dirigé par le parti socialisteVenezuela
69%
Chaîne de montagnes nord-américaine s'étendant du nord canadien au sud américainRocheuses
64%
Ville ayant comme attraction la fondation Joan-Miró et qui était la ville natale d'Antoni GaudíBarcelone
54%
Grand Lac nord-américain ayant comme ville la plus peuplée sur ses rives Thunder BaySupérieur
51%
Île canadienne portant le même nom que la troisième plus grande ville du paysVancouver
49%
Les quatre premières lettres de ce comté anglais donnèrent son nom à une grand métropole américaine. Les cinq dernières lettres sont les même que celui d'un état américain ayant une frontière avec le CanadaYorkshire
33%
Un des seul pays a avoir aboli son arméeCosta Rica
32%
Montagne la plus haute des AmériquesAconcagua
28%
Montagne népalaise de 8000 mètres de haut qui a le plus haut taux de mortalité, soit 32%Annapurna I
11%
Quatrième ville la plus peuplée de l'état du New York. Elle est aussi située sur les rives du lac OntarioRochester
2%

Distribution des résultats

Percentile par nombre de réponses

% des personnes avec chaque résultat

Votre développement - résultats

Vous n’avez pas pris ce quiz depuis la dernière actualisation